Football Féminin : Les joueuses passées par le FC Barcelone - Statistiques

Statistiques générales
  • Ce quiz a été pris 202 fois
  • Le résultat moyen est 5 sur 9
Answers on the Grid
Answers color-coded by a green-red scale on the quiz's grid according to % correct below.
Alexia Putellas
Daniëlle van de Donk
Athenea del Castillo
Sakina Karchaoui
Aitana Bonmatí
Ingrid Engen
Homare Sawa
Pernille Harder
Lara Dickenmann
Lucy Bronze
Elise Bussaglia
Trinity Rodman
Jule Brand
Kheira Hamraoui
Christen Press
Marta
Vicky Losada
Ellie Carpenter
Toni Duggan
Lieke Martens
 
Statistiques - réponses
Réponse % Correct
Alexia Putellas
100%
Aitana Bonmatí
89%
Lucy Bronze
76%
Ingrid Engen
71%
Kheira Hamraoui
44%
Lieke Martens
42%
Vicky Losada
42%
Elise Bussaglia
19%
Toni Duggan
14%
Aucun quiz correspondant
Distribution des résultats
% des personnes avec chaque résultat
Percentile par nombre de réponses
Votre historique - résultats
Vous n’avez pas pris ce quiz